Online kontrola štruktúry, štylistickej úrovne a formálnej úpravy záverečných prác
Príspevok predstavuje návrh riešenia automatickej kontroly formálnej stránky záverečných prác študentov prvého a druhého stupňa Ekonomickej univerzity a možnosti jeho rozšírenia do podobných oblastí. Použitie online nástroja na vyhodnotenie formálnej úpravy práce a pravopisu ušetrí vedúcemu záverečn...
Gespeichert in:
| 1. Verfasser: | |
|---|---|
| Format: | Buchkapitel |
| Sprache: | Slowakisch |
| Schlagworte: | |
| Tags: |
Keine Tags, Fügen Sie das erste Tag hinzu!
|
MARC
| LEADER | 00000nla a2200000 4500 | ||
|---|---|---|---|
| 001 | 0204234 | ||
| 005 | 20240502073417.2 | ||
| 041 | 0 | |a slo | |
| 044 | |a SK | ||
| 245 | 1 | 0 | |a Online kontrola štruktúry, štylistickej úrovne a formálnej úpravy záverečných prác |c Eva Mačurová |
| 520 | |a Príspevok predstavuje návrh riešenia automatickej kontroly formálnej stránky záverečných prác študentov prvého a druhého stupňa Ekonomickej univerzity a možnosti jeho rozšírenia do podobných oblastí. Použitie online nástroja na vyhodnotenie formálnej úpravy práce a pravopisu ušetrí vedúcemu záverečnej práce čas strávený pri pripomienkovaní danej práce a študentom pomôže zvýšiť úroveň ich prác. Návrh predpokladá na vstupe rozhrania aplikácie pdf dokument a na výstupe html stránku s odporúčanými opravami. | ||
| 610 | 2 | 0 | |a práce kvalifikačné |
| 610 | 2 | 0 | |a práce diplomové |
| 610 | 2 | 0 | |a kontrola |
| 610 | 2 | 0 | |a automatizácia |
| 100 | 1 | |a Mačurová, Eva | |